Ave Maria (Record n. 99520)

Dettagli MARC
000 -LEADER
fixed length control field 02186njm a2200397Ia 4500
001 - CONTROL NUMBER
control field 85769
003 - CONTROL NUMBER IDENTIFIER
control field IT-RoPAU
005 - DATE AND TIME OF LATEST TRANSACTION
control field 20220918181117.0
008 - FIXED-LENGTH DATA ELEMENTS--GENERAL INFORMATION
fixed length control field 131025s9999 xx 000 0 und d
040 ## - CATALOGING SOURCE
Original cataloging agency IT-RoPAU
040 ## - CATALOGING SOURCE
Transcribing agency IT-RoPAU
041 ## - LANGUAGE CODE
Language code of text/sound track or separate title SPAGNOLO
999 ## - SYSTEM CONTROL NUMBERS (KOHA)
Koha Dewey Subclass [OBSOLETE] n.d.
100 ## - MAIN ENTRY--PERSONAL NAME
Personal name AA.VV.
9 (RLIN) 794
100 ## - MAIN ENTRY--PERSONAL NAME
Relator term Autore musica
9 (RLIN) 26648
100 ## - MAIN ENTRY--PERSONAL NAME
Miscellaneous information Codice autore musica SPICS: 12000
9 (RLIN) 796
245 ## - TITLE STATEMENT
Title Ave Maria
250 ## - EDITION STATEMENT
Edition statement 1a ed.
260 ## - PUBLICATION, DISTRIBUTION, ETC. (IMPRINT)
Place of publication, distribution, etc. MADRID
260 ## - PUBLICATION, DISTRIBUTION, ETC. (IMPRINT)
Name of publisher, distributor, etc. EDICIONES PAULINAS
Date of publication, distribution, etc. 1989 [1a Ed.:1989 - Ed. Lingua Orig.: 1989]
300 ## - PHYSICAL DESCRIPTION
Extent MUSICASSETTA
300 ## - PHYSICAL DESCRIPTION
Dimensions 42 minuti (Testo: 0 pag.)
500 ## - GENERAL NOTE
General note Musica religiosa. Arrangiamento
505 ## - FORMATTED CONTENTS NOTE
Formatted contents note Ave Maria de F. Schubert (5:00) - Ave Maria de Ch. Gounod (4:00) - Ave Maria de T. L. De Victoria (3:00) - Ave Maria de F. Palazon (4:00) - Ave Maria de F. Schubert [(al arpa) (4:00)] - Largo religioso de J. F. Handel (4:00) - Ave verum de W. A. Mozart (3:00) - (4:00) - Panis angelicus de C. Franck (4:00) - Jesus, alegria de los hombres de Bach (4:00) - Despertad su voz os llama de Bach (4:00) - Aria de la suite en re de Bach (6:00)
650 ## - SUBJECT ADDED ENTRY--TOPICAL TERM
Topical term or geographic name as entry element RELIGIOSO [CASSETTE]
Relator term Codice MATERIA SPICS: 9951
9 (RLIN) 785
700 ## - ADDED ENTRY--PERSONAL NAME
Personal name Schubert Franz
Dates associated with a name Codice autore musica SPICS: 10690
Relator term Autore musica
Name of part/section of a work Ave Maria
9 (RLIN) 26649
700 ## - ADDED ENTRY--PERSONAL NAME
Personal name Gounod Charles
Dates associated with a name Codice autore musica SPICS: 10670
Relator term Autore musica
Name of part/section of a work Ave Maria
9 (RLIN) 26650
700 ## - ADDED ENTRY--PERSONAL NAME
Personal name De Victoria Tomas Luis
Dates associated with a name Codice autore musica SPICS: 28895
Relator term Autore musica
Name of part/section of a work Ave Maria
9 (RLIN) 26651
700 ## - ADDED ENTRY--PERSONAL NAME
Personal name Palazon Francisco
Dates associated with a name Codice autore musica SPICS: 11053
Relator term Autore musica
Name of part/section of a work Ave Maria
9 (RLIN) 26652
700 ## - ADDED ENTRY--PERSONAL NAME
Personal name Handel Georg Friedrich
Dates associated with a name Codice autore musica SPICS: 5619
Relator term Autore musica
Name of part/section of a work Largo religioso
9 (RLIN) 26653
700 ## - ADDED ENTRY--PERSONAL NAME
Personal name Mozart W.Franz Xaver
Dates associated with a name Codice autore musica SPICS: 15620
Relator term Autore musica
Name of part/section of a work Ave verum
9 (RLIN) 26654
700 ## - ADDED ENTRY--PERSONAL NAME
Personal name Franck Cesar
Dates associated with a name Codice autore musica SPICS: 11500
Relator term Autore musica
Name of part/section of a work Panis angelicus
9 (RLIN) 26655
700 ## - ADDED ENTRY--PERSONAL NAME
Personal name Bach Johann Sebastian
Dates associated with a name Codice autore musica SPICS: 9695
Relator term Autore musica
Name of part/section of a work Jesus, alegria - Despertad su voz os llama - Aria de la suite en re
9 (RLIN) 26656
700 ## - ADDED ENTRY--PERSONAL NAME
Personal name Palazon Francisco
Dates associated with a name Codice interprete SPICS: 11053
Relator term Interprete
9 (RLIN) 26657
942 ## - ADDED ENTRY ELEMENTS (KOHA)
Koha item type MUSICASSETTE
Source of classification or shelving scheme Dewey Decimal Classification
Dati di copia
Withdrawn status Lost status Damaged status Not for loan Home library Current library Date acquired Total Checkouts Full call number Date last seen Price effective from Koha item type Public note
    Buone Condizioni Not For Loan SPICS-MEDIATECA SPICS-MEDIATECA 25/10/2013   85769 25/10/2013 25/10/2013 MUSICASSETTE Progr. Ins.: 21362 / N.Vol.: 1 / Copie: 1 - Copia rara: n.d. / date import: 01.01.2014 - By Epidotti, Trombetti, Vaglietti
CREDITS: SOCIETA' SAN PAOLO Via A.Severo, 58 - ROMA (RM) & PERIODICI SAN PAOLO SRL Via Giotto, 36 MILANO & CISF Via Giotto, 36 MILANO & EDIZIONI SAN PAOLO SRL,  Piazza Soncino, 5 CINISELLO BALSAMO (MI) -- ITALY